MARC

LEADER 00000nam0a2200000 4500
001 68980
005 20231101212422.0
035 |a (RuTPU)RU\TPU\book\73449 
090 |a 68980 
100 |a 20041013d1961 km y0rusy50 ca 
101 0 |a rus 
102 |a RU 
105 |a a z 000zy 
200 1 |a Водоподготовка  |f С. М. Гурвич 
210 |a Москва  |c Госэнергоиздат  |d 1961 
215 |a 240 с.  |c ил. 
606 1 |a Водоподготовка  |x Коагуляция  |2 stltpush  |3 (RuTPU)RU\TPU\subj\2879  |9 31384 
610 1 |a теплотехника 
610 1 |a питательная вода 
610 1 |a подготовка 
610 1 |a водоподготовка 
610 1 |a паровые котлы 
610 1 |a питание 
610 1 |a водоподготовительные установки 
675 |a 621.182.12  |v 3 
700 1 |a Гурвич  |b С. М.  |g Семен Маркович 
801 1 |a RU  |b 63413507  |c 20041013  |g PSBO 
801 2 |a RU  |b 63413507  |c 20140718  |g PSBO 
942 |c BK